000 00820cab a2200265 4500
001 ABS53444
008 090401t1995 xxu||||| |||| 00| 0 eng d
035 _a(Sirsi) u4235
041 _aeng
100 _aWhite, G.
245 _aLegislation is guaranteed to alter existing relationships
260 _c1995
350 _a0
490 _aProperty Week
_v52(7/8) 17-24 August 1995, 31(1)
520 _aDiscusses the provisions of the Landlord and Tenant (Covenants) Act 1995 from the landlords and tenants points of view.
650 _aASSIGNMENT
650 _aLANDLORD AND TENANT (COVENANTS) ACT 1995
650 _aORIGINAL TENANT
650 _aPRIVITY OF CONTRACT
650 _aSURETIES
690 _aLANDLORD AND TENANT-BUSINESS TENANCIES
700 _aVivian, J.
942 _n0
948 _c04/03/1997
999 _c2537
_d2537